000 01302cam a2200361 a 4500
999 _c531931
_d531931
001 9280695
003 NUST
005 20191104135947.0
006 m d
007 cr n
008 061213s2007 nyua sb 001 0 eng d
015 _aGBA693818
_2bnb
016 7 _a013595542
_2Uk
020 _a9780071486514 (alk. paper)
020 _a0071486518 (alk. paper)
035 _a(WaSeSS)ssj0000269371
038 _aMSOHAIL
040 _aDLC
_cDLC
_dUKM
_dYDXCP
_dBAKER
_dC#P
_dYDX
_dBTCTA
_dIXA
_dDLC
_dWaSeSS
050 4 _aTD407
_b.H68 2007
082 0 0 _a628.114028/8
_222
100 1 _aHouben, Georg.
_925106
210 1 0 _aWater well rehabilitation and reconstruction
245 1 0 _aWater well rehabilitation and reconstruction
_h[electronic resource] /
_cGeorg Houben, Christoph Treskatis.
260 _aNew York :
_bMcGraw-Hill,
_cc2007.
504 _aIncludes bibliographical references (p. 343-356) and index.
506 _aLicense restrictions may limit access.
650 0 _aWells
_xMaintenance and repair.
_925107
700 1 _aTreskatis, Christoph.
_925108
773 0 _tAccessEngineering
856 4 0 _uhttp://www.columbia.edu/cgi-bin/cul/resolve?clio9280695
_zFull text available from AccessEngineering
910 _aLibrary of Congress record
942 _2ddc
_cBK